000 00934caa a22002417a 4500
999 _c410789
_d410789
001 123623
003 UA-OsUOA
005 20200112005820.0
007 ta
008 20170627b un ||||| |||| 00| 0 ukr d
040 _aUA-OsUOA
_bukr
_cUA-OsUOA
_dUA-OsUOA
041 _aukr
080 _a908
090 _a908
_bЦ75
100 _aЦіборовська-Римарович І.
245 _aБібліотека Острозького монастиря Ордену братів менших капуцинів: історична доля
_cІ. Ціборовська-Римарович
300 _aС. 423–427
650 7 _a908 Краєзнавство
_2UDC
773 0 _0384074
_9408052
_dОстрог НаУОА 2012
_o142053
_tОстрозький краєзнавчий збірник
_w(UA-OsUOA) 97837
942 _cBKA
_2udc
955 _a1